Geschichtliche Hypothesen und Sprachwissenschaft in der ungarischen, finnisch-ugrischen und uralischen Urgeschichtsforschung

Elmentve itt :
Bibliográfiai részletek
Szerző: Sinor Dénes
Dokumentumtípus: Cikk
Megjelent: Harrassowitz Wiesbaden 1969
Sorozat:Ural-Altaische Jahrbücher : Fortsetzung der "Ungarischen Jahrbücher" = Ural-Altaic yearbook
Kulcsszavak:Őstörténet - magyar
Tárgyszavak:
Online Access:http://misc.bibl.u-szeged.hu/64798
LEADER 00967nab a2200241 i 4500
001 misc64798
005 20230517092131.0
008 230505s1969 hu o 0|| ger d
040 |a SZTE Miscellanea Repozitórium  |b hun 
041 |a ger 
100 1 |a Sinor Dénes 
245 1 0 |a Geschichtliche Hypothesen und Sprachwissenschaft in der ungarischen, finnisch-ugrischen und uralischen Urgeschichtsforschung  |h [elektronikus dokumentum] /  |c  Sinor Dénes 
260 |a Harrassowitz  |b Wiesbaden  |c 1969 
300 |a 273-281  |c 25 cm 
300 |a [9] p.  |c 25 cm 
490 0 |a Ural-Altaische Jahrbücher : Fortsetzung der "Ungarischen Jahrbücher" = Ural-Altaic yearbook 
561 |a Németh Gyula hagyaték 
591 |a NOA 5620; LOA 3611 
650 4 |a Bölcsészettudományok 
650 4 |a Történettudomány és régészet 
650 4 |a Nyelvek és irodalom 
695 |a Őstörténet - magyar 
856 4 0 |u http://misc.bibl.u-szeged.hu/64798/1/5620_noa.pdf  |z Dokumentum-elérés